Monocotiledóneas herbáceas : nativas y exóticas /
Guardado en:
| Autor Principal: | |
|---|---|
| Otros Autores: | , |
| Formato: | Libro |
| Publicado: |
Buenos Aires :
L.o.l.a,
2005
|
| Series: | Biota rioplatense
|
| Materias: | |
| Etiquetas: |
Agregar Etiqueta
Sin Etiquetas, Sea el primero en etiquetar este registro!
|
| LEADER | 00815nam a22002295a 4500 | ||
|---|---|---|---|
| 001 | CEM.cems017665 | ||
| 005 | 20110811112533.0 | ||
| 008 | 130507s2005##################000#0#####d | ||
| 003 | CEMS | ||
| 020 | |a 9509725781 | ||
| 082 | 0 | 4 | |a 584 |
| 100 | 1 | |a Hurrell, Julio A. | |
| 245 | 1 | 0 | |a Monocotiledóneas herbáceas : |b nativas y exóticas / |c Julio A. Hurrell, Daniel H. Bazzano y Gustavo Delucchi |
| 260 | |a Buenos Aires : |b L.o.l.a, |c 2005 | ||
| 300 | |a 320 p. | ||
| 490 | 0 | |a Biota rioplatense | |
| 500 | |a Inventario temático de la biota de la región del delta del Paraná, la Isla Martín García y la ribera platense | ||
| 653 | |a Biota rioplatense | ||
| 653 | |a Monocotiledóneas herbáceas | ||
| 700 | 1 | |a Bazzano, Daniel H. | |
| 700 | 1 | |a Delucchi, Gustavo | |
| 859 | |a CEMS |b BIB. CEMS - Agricultura |h 584 |i H941 |p A1405.11 |t Ej.1 | ||
